| 000 | 00555nam a2200217Ia 4500 | ||
|---|---|---|---|
| 003 | OSt | ||
| 005 | 20230616150747.0 | ||
| 008 | 210423s1997 xx 000 0 und d | ||
| 020 | _a8123905440 | ||
| 040 | _cAL | ||
| 041 | _aeng | ||
| 082 |
_a660 _223 _bKENJ |
||
| 100 |
_aKENT (James A). _979385 |
||
| 245 | _aRiegels handbook of industrial chemistry. | ||
| 250 | _a9 | ||
| 260 |
_aNew Delhi _bCBS Publications _c1997 |
||
| 300 |
_aix,1288 _bPB |
||
| 365 |
_b750 _cINR |
||
| 906 | _achemistry. ; handbook ; industrial ; Riegels | ||
| 942 |
_2ddc _cBK |
||
| 999 |
_c154432 _d154432 |
||